000 00703nam a22002297a 4500
999 _c33057
_d33057
001 1947
003 CO-MdFUSB
005 20170726091135.0
008 170726t1988 s ||||| |||| 00| 0 s d
020 _a84-86067-27-8
040 _aCO-MdFUSB
_bspa
_cCO-MdFUSB
_dCO-MdFUSBC
_erda
041 0 _aspa
082 0 4 _aG 221.8 A816f
100 1 _aMorla Asensio, Víctor (1943-)
_eautor
245 1 3 _aEl fuego en el Antiguo Testamento
_b: Estudio de la semántica lingüística
_c / Víctor Morla Asensio
264 4 _aValencia, España :
_bInstitución San Jerónimo,
_c©1988
300 _a371 Pag
336 _2rdacontent
_a1
_ba1
337 _2rdamedia
_a2
_b5
338 _2rdacarrier
_a2
_b5
942 _cBK